| 000 | 01646nac a22003611i 4500 | ||
|---|---|---|---|
| 003 | EG-ScBUE | ||
| 005 | 20250601091654.0 | ||
| 008 | 250312t2005 nyuac f b 101 0 eng d | ||
| 020 | _a0735402337 | ||
| 035 | _a(OCoLC)ocm60352451 | ||
| 040 |
_aEG-ScBUE _beng _erda _cEG-ScBUE _dEG-ScBUE |
||
| 082 | 0 | 4 |
_a530.072 _bMOD _222 |
| 111 | 2 |
_aInternational conference on modern trends in physics research _n(1st : _d2004 : _cCairo, Egypt) |
|
| 245 | 0 | 0 |
_aModern trends in physics research : _bfirst international conference on modern trends in physics research, MTPR-04, Cairo, Egypt, 4-9 April 2004 / _ceditor, Lotfia El Nadi. |
| 246 | 3 | 0 | _aPhysics research |
| 246 | 3 | 0 | _aFirst international conference on modern trends in physics research |
| 246 | 3 | 0 | _aMTPR-04 |
| 264 | 1 |
_aMelville, New York : _bAmerican Institute of Physics, _c[2005] |
|
| 264 | 4 | _cc2005 | |
| 300 |
_axiii, 452 pages : _billustrations, portraits ; _c28 cm. |
||
| 336 |
_2rdacontent _atext _btxt |
||
| 337 |
_aunmediated _2rdamedia _bn |
||
| 338 |
_avolume _bnc _2rdacarrier |
||
| 490 | 1 |
_aAIP conference proceedings, _x0094-243X ; _vvolume 748 |
|
| 504 | _aIncludes bibliographical references and index. | ||
| 505 | 0 | _aAtomic, molecular, and condensed matter physics -- Chemical physics, lasers, and electronics -- Nuclear, particle physics, and astrophysics. | |
| 650 | 7 |
_aPhysics _xResearch _vCongresses. _2BUEsh |
|
| 655 | _vReading book | ||
| 700 | 1 |
_aEl Nadi, Lotfia, _eeditor. |
|
| 856 | 4 | 1 | _uhttp://proceedings.aip.org/proceedings/confproceed/748.jsp |
| 856 | 4 | 1 |
_3Publisher description _uhttp://www.loc.gov/catdir/enhancements/fy0663/2005922442-d.html |
| 942 |
_cNB _2ddc |
||
| 999 |
_c6279 _d6279 |
||